De jóvenes, bandas y tribus (Record no. 17425)

MARC details
000 -LEADER
campo de control de longitud fija 00704nam a2200229 i 4500
001 - NÚMERO DE CONTROL
campo de control 17425
003 - IDENTIFICADOR DE NÚMERO DE CONTROL
campo de control ES-MaACL
005 - FECHA Y HORA DE LA ÚLTIMA TRANSACCIÓN
campo de control 20230906151559.0
007 - CAMPO FIJO DE DESCRIPCIÓN FÍSICA--INFORMACIÓN GENERAL
campo de control de longitud fija t|
008 - DATOS DE LONGITUD FIJA--INFORMACIÓN GENERAL
campo de control de longitud fija 050301s1999 sp ||||1| spa d
020 ## - NÚMERO INTERNACIONAL ESTÁNDAR DEL LIBRO
Número Internacional Estándar del Libro 84-344-1176-8
080 ## - NÚMERO DE LA CLASIFICACIÓN DECIMAL UNIVERSAL
Número de la Clasificación Decimal Universal 316.62-053.81
100 1# - ENTRADA PRINCIPAL--NOMBRE DE PERSONA
Nombre de persona Feixa, Carles.
9 (RLIN) 49136
245 10 - MENCIÓN DEL TÍTULO
Título De jóvenes, bandas y tribus
Resto del título : antropología de la juventud /
Mención de responsabilidad, etc. Carles Feixa ; [prefacio de Michel Maffesoli].
250 ## - MENCION DE EDICION
Mención de edición 2ª ed.
260 ## - PUBLICACIÓN, DISTRIBUCIÓN, ETC.
Lugar de publicación, distribución, etc. Barcelona :
Nombre del editor, distribuidor, etc. Ariel,
Fecha de publicación, distribución, etc. 1999.
300 ## - DESCRIPCIÓN FÍSICA
Extensión 287 p. ;
Dimensiones 21 cm.
504 ## - NOTA DE BIBLIOGRAFÍA, ETC.
Nota de bibliografía, etc. Bibliografía: p. [273]-284.
650 #4 - PUNTO DE ACCESO ADICIONAL DE MATERIA--TÉRMINO DE MATERIA
Término de materia o nombre geográfico como elemento de entrada Jóvenes-
Subdivisión general Conducta social.
9 (RLIN) 13947
700 1# - ENTRADA AGREGADA--NOMBRE PERSONAL
Nombre de persona Maffesoli, Michel.
9 (RLIN) 75426
852 ## - LOCALIZACIÓN
Ubicación ES-MaACL
Número de control de estantería L-24390
Sublocalización o colección R.129530
Holdings
Estatus retirado Estado de pérdida Estado de daño No para préstamo Biblioteca de origen Biblioteca actual Ubicación en estantería Fecha de adquisición Fuente de adquisición Total de préstamos Signatura topográfica completa Código de barras Visto por última vez Precio de reemplazo Tipo de ítem Koha
        Biblioteca del Ateneo de Madrid Biblioteca del Ateneo de Madrid Depósito 2 17/01/2008     L-24390 1017778 23/02/2023 23/02/2023 Libro impreso